Statistics for Red Velvet Members by Hair Color in Red Flavor

Click here to take the quiz!

General Stats

  • This quiz has been taken 93 times
  • The average score is 4 of 5

Answer Stats

Color Member % Correct
BlackIrene
95%
RedJoy
95%
Brown / blonde ombreWendy
88%
BlondeYeri
88%
BrownSeulgi
81%

Score Distribution

Percentile by Number Answered

Percent of People with Each Score

Your Score History

You have not taken this quiz